000 00469nam a2200157Ia 4500
999 _c6099
_d6099
003 OSt
005 20200117145839.0
008 190216s9999||||xx |||||||||||||| ||und||
040 _coclc
082 _a658.8
_bEMA/M
100 _aEmmanuel, Mathew
_91255
245 0 _aMarketing Management /
_cMathew Emmanuel
260 _bRight Publishers and Distributors,
_c2000.
_aKudavechoor:
300 _a325p
942 _cBK
_2ddc
_h658.8
_iEMA/M
_k658.8
_mEMA/M